000 00688nam a2200265 a 4500
003 AR-BaBNM
005 20251128204140.0
008 082120s2002 ||||||||||||||000 | spa||
040 _cAR-BaBNM
100 1 _aSartre, Jean-Paul
245 0 0 _aColonialismo y neocolonialismo
_bsituations. 5
250 _a2ª ed.
260 _aBuenos Aires
_bLosada
_c1968
300 _a181 p.
490 0 _aCristal del tiempo
650 4 _aDOCTRINAS POLITICAS
650 4 _aCOLONIALISMO
650 4 _aCIENCIAS POLITICAS
650 4 _aNEOCOLONIALISMO
650 4 _aENSAYO
650 4 _aHISTORIA POLITICA
700 1 _aMartínez Alinari, Josefina
_etraductor
942 _cBK
998 _cCarmen
999 _c6373
_d6373